hamza tu me donne des idées paroles - Statistiques

Statistiques générales
  • Ce quiz a été pris 113 fois
  • Le résultat moyen est 240 sur 386
Statistiques - réponses
Réponse % Correct
Baby,
90%
baby,
90%
baby
90%
le
89%
ton
84%
de
83%
sur
83%
sexe
80%
divan
79%
Tu
79%
tu
79%
dans
74%
donne-moi
74%
Donne-moi
74%
les
74%
ma
74%
tes
74%
t'es
74%
T'es
74%
une
74%
paupières
72%
Quand
72%
faire
70%
pas
70%
si
70%
dis
69%
sincère
68%
"yeah
67%
yeah"
67%
yeah
67%
Allons
65%
enfers
65%
des
64%
idées
64%
idées,
64%
l'oreille
64%
danse
63%
tombe
63%
bilan
62%
la
62%
p'tite
60%
m'donne
59%
Arrête
58%
j'aurai
58%
que
58%
dis-moi
57%
pour
57%
d'faire
56%
l'temps
56%
money
56%
droit
54%
aucune
53%
ce
52%
raison
52%
raison,
52%
Mets
51%
oim',
51%
nuit,
49%
m'donnes
48%
booty
46%
j'dirai
44%
peux
44%
bien
43%
décidé
43%
et
43%
on
43%
Ça
42%
compter
42%
fais
42%
toi
42%
tout
42%
J'ai
41%
J'suis
41%
J'sais
40%
t'as
40%
tombera
40%
d'exciter
38%
depuis
37%
j'connais
37%
l'as
37%
quitté
37%
qu'une
37%
c'est
36%
deviné
36%
juste
36%
J'veux
36%
prince
36%
qu't'as
36%
rester
36%
chienne
35%
l'lycée
35%
près
35%
ville,
35%
J'crois
33%
réponse
32%
pedigree
31%
Viens
31%
d'toi
30%
Babe,
28%
besoin
28%
mais
28%
Ne
28%
après
25%
rien
23%
secondes
23%
trente
22%
l'fait
21%
part
20%
défonce
19%
qu'j'suis
19%
Prépare-toi,
16%
Aucun quiz correspondant
Distribution des résultats
% des personnes avec chaque résultat
Percentile par nombre de réponses
Votre historique - résultats
Vous n’avez pas pris ce quiz